000
00220nam a2200097Ia 4500
008
240331s9999 xx 000 0 und d
082
_b
PER
100
_a
Perera, M
245
0
_a
Study of female headed households
942
_c
L
999
_c
2206
_d
2206